00456nam a2200145 a 450000500170000000800410001702000180005805000290007624500590010526000530016430000230021744000260024065000220026665000220028820140412111330.0030210s19uu xx 00 eng d a0-7214-2622-0 aTR(GS 370.54bRe282 1997 aRead and write first words :bwipe-clean sticker book. aLeicestershire, UK :bLadybird Books Ltd,c1997. a1 v. (unp.) ; ill. aGet ready for reading aReading, practice aWriting, practice